000 00442cam a22001817a 4500
001 14032904
005 20240222001133.0
008 050711s2004 ii 000 1 eng
020 _a8186945199
040 _aDLC
_cDLC
082 _222
_a322.42
_bPLA.
100 0 _aRohini.
245 1 0 _aPlaying lions & tigers /
_cRohini.
260 _aChennai, India :
_bEarthworm Books,
_c2004.
300 _axiv, 420 p. ;
500 _aNovel.
942 _cL
999 _c468
_d468